| 000 | 00558nam a2200169 i 4500 | ||
|---|---|---|---|
| 001 | 131942 | ||
| 003 | ES-MaACL | ||
| 005 | 20230906194057.0 | ||
| 007 | t| | ||
| 008 | 070214n19001990sp r ||||1| spa d | ||
| 100 | 1 |
_aRohde, Peter P. _998978 |
|
| 245 | 1 | 0 |
_aSoren Kierkegaard _b: el filósofo danés / _cPeter P. Rohde. |
| 260 |
_aCopenhague : _b[s.n.], _c[19__?] ( _fImp. F. E. Bording) |
||
| 300 |
_a21 p. : _bil. ; _c23 cm. |
||
| 600 | 1 | 4 |
_aKierkegaard, Søren ( _d1813-1855)- _xCrítica e interpretación. _9166022 |
| 852 |
_aES-MaACL _j1986-F-17 _bR.37895 |
||
| 999 |
_c131942 _d131942 |
||